Library Banner

Practical multivariate analysis (Record no. 83295)

MARC details
000 -LEADER
fixed length control field 00579nam a2200217Ia 4500
001 - CONTROL NUMBER
control field 70855
008 - FIXED-LENGTH DATA ELEMENTS--GENERAL INFORMATION
fixed length control field 160226s9999 xx 000 0 und d
020 ## - INTERNATIONAL STANDARD BOOK NUMBER
International Standard Book Number 9781439816806
040 ## - CATALOGING SOURCE
Transcribing agency PK-LaUMT
082 ## - DEWEY DECIMAL CLASSIFICATION NUMBER
Classification number 519.535
Item number AFI-P
100 ## - MAIN ENTRY--PERSONAL NAME
Personal name Afifi, Abdelmonem
245 ## - TITLE STATEMENT
Title Practical multivariate analysis
Statement of responsibility, etc Afifi, Abdelmonem|May, Susanne|Clark, Virginia A.
250 ## - EDITION STATEMENT
Edition statement 5th
260 ## - PUBLICATION, DISTRIBUTION, ETC. (IMPRINT)
Place of publication, distribution, etc Boca Raton,USA:
Name of publisher, distributor, etc CRC Press,
Date of publication, distribution, etc 2012
300 ## - PHYSICAL DESCRIPTION
Extent 517 p.
546 ## - LANGUAGE NOTE
Language note EN
650 ## - SUBJECT ADDED ENTRY--TOPICAL TERM
Topical term or geographic name as entry element Multivariate analysis
700 ## - ADDED ENTRY--PERSONAL NAME
Personal name Clark, Virginia A.
700 ## - ADDED ENTRY--PERSONAL NAME
Personal name May, Susanne
942 ## - ADDED ENTRY ELEMENTS (KOHA)
Koha item type Books
Holdings
Withdrawn status Lost status Damaged status Not for loan Home library Current library Date acquired Total Checkouts Full call number Barcode Date last seen Date checked out Price effective from Koha item type
        UMT Main Campus UMT Main Campus 2016-02-26 4 519.535 AFI-P 97557 2017-11-18 2017-11-13 2016-02-26 Books